[Event "chess.com Speed 2020"]
[Site "chess.com INT"]
[Date "2020.12.12"]
[Round "3.25"]
[White "So,W"]
[Black "Nakamura,Hi"]
[Result "1/2-1/2"]
[WhiteElo "2770"]
[BlackElo "2736"]

1.e4 e5 2.Nf3 Nc6 3.Bb5 Nf6 4.d3 Bc5 5.c3 d5 6.exd5 Qxd5 7.Bc4 Qd6 8.b4 Bb6
9.a4 O-O 10.Nbd2 Bf5 11.Ba3 e4 12.dxe4 Nxe4 13.Nxe4 Bxe4 14.Qxd6 cxd6 15.O-O-O Rac8
16.Bd5 Bxd5 17.Rxd5 Ne5 18.Kc2 Nc4 19.Bc1 Bxf2 20.Kb3 Rfe8 21.Bf4 h6 22.Rhd1 g5
23.Bc1 Be3 24.Nd4 a5 25.bxa5 Bxc1 26.Rxc1 Re5 27.Rxe5 dxe5 28.Nf5 Nxa5+ 29.Kb4 Nc6+
30.Kb5 Rd8 31.Kb6 Rd2 32.Kxb7 Nd8+ 33.Kb6 Rxg2 34.c4 Rf2 35.Nxh6+ Kg7 36.Ng4 Rb2+
37.Kc7 Ne6+ 38.Kd6 e4 39.c5 Rd2+ 40.Ke5 Ra2 41.c6 e3 42.Nxe3 Nc7 43.Nd5 Na6
44.c7 Nxc7 45.Rxc7 Rxa4 46.Rc2 Ra5 47.Rf2 Kg6 48.Ke4 Ra4+ 49.Kf3 f5 50.Kg2 Ra5
51.Ne3 Re5 52.Nf1 f4 53.h3 Ra5 54.Nh2 Ra3 55.Nf3 Kf5 56.Rc2 Ra5 57.Rb2 g4
58.Nd4+ Ke4 59.hxg4 Kxd4 60.Kf3 Ke5 61.Re2+ Kf6 62.Kxf4 Ra4+ 63.Re4 Rxe4+
64.Kxe4 Kg5 65.Ke5 Kg6 66.Kf4 Kf6 67.g5+ Kg6 68.Kg4 Kg7 69.Kf5 Kf7 70.g6+ Kg7
71.Kg5 Kg8 72.Kf6 Kf8 73.g7+ Kg8 74.Kg6  1/2-1/2

[Event "chess.com Speed 2020"]
[Site "chess.com INT"]
[Date "2020.12.12"]
[Round "3.33"]
[White "Nakamura,Hi"]
[Black "So,W"]
[Result "1-0"]
[WhiteElo "2736"]
[BlackElo "2770"]

1.b3 g6 2.Bb2 Nf6 3.Nf3 Bg7 4.d4 O-O 5.e3 b6 6.Be2 c5 7.O-O Bb7 8.dxc5 bxc5
9.c4 d6 10.Nc3 Nbd7 11.Qc2 Ne4 12.Rac1 Nxc3 13.Bxc3 Bxc3 14.Qxc3 a5 15.Nd2 a4
16.Rb1 axb3 17.axb3 Qa5 18.Qb2 Rfb8 19.h4 h5 20.f4 Qa2 21.Qc3 Nf6 22.Bd3 Qa5
23.Qc2 Ng4 24.Rfe1 Kg7 25.e4 e6 26.Qb2+ Kg8 27.Re2 Qa2 28.Qc3 Qa5 29.Qc1 Qd8
30.Nf3 Bc6 31.Qe1 Ra3 32.Bc2 Ra2 33.Rd1 Qf6 34.Rxd6 Ra1 35.Bd1 Ba8 36.f5 Ne5
37.Ng5 Rxb3 38.fxe6 fxe6 39.Rxe6 Qf4 40.Re8+  1-0

[Event "chess.com Speed 2020"]
[Site "chess.com INT"]
[Date "2020.12.12"]
[Round "3.32"]
[White "So,W"]
[Black "Nakamura,Hi"]
[Result "1/2-1/2"]
[WhiteElo "2770"]
[BlackElo "2736"]

1.e4 g6 2.d4 c6 3.Nc3 d5 4.e5 Bg7 5.h3 f6 6.f4 Nh6 7.Nf3 Nf5 8.Bd3 c5 9.dxc5 Nc6
10.exf6 Bxf6 11.O-O O-O 12.Bxf5 Bxf5 13.Nxd5 Bg7 14.c3 Be4 15.c4 e6 16.Nc3 Bxc3
17.bxc3 Qxd1 18.Rxd1 Bxf3 19.gxf3 Rad8 20.Be3 Kf7 21.Rab1 Rxd1+ 22.Rxd1 Ke7
23.Kf2 Rc8 24.Rb1 Rc7 25.Ke2 Kf6 26.Rg1 Ne7 27.Bd4+ Kf7 28.Kd3 Nc6 29.h4 h5
30.Rg5 Rd7 31.Ke3 Na5 32.Kd3 Nc6 33.Rg1 Rd8 34.a4 Rd7 35.Rb1 Ke7 36.Ke4 Kf7
37.Be5 Na5 38.Rb4 Nc6 39.Rb5 Ke8 40.Bd6 Kf7 41.Rb1 Kf6 42.Rg1 Kf7 43.Ke3 Kf6
44.Ke4 Kf7 45.f5 exf5+ 46.Kd5 Ne7+ 47.Ke5 Nc6+ 48.Kd5 Ne7+ 49.Ke5 Nc6+ 50.Kd5  1/2-1/2

[Event "chess.com Speed 2020"]
[Site "chess.com INT"]
[Date "2020.12.12"]
[Round "3.28"]
[White "Nakamura,Hi"]
[Black "So,W"]
[Result "1-0"]
[WhiteElo "2736"]
[BlackElo "2770"]

1.e4 c5 2.Nc3 d6 3.Nf3 Nf6 4.e5 dxe5 5.Nxe5 a6 6.a4 Qc7 7.Nc4 Nc6 8.d3 Be6
9.g3 Bxc4 10.dxc4 Rd8 11.Bd3 e6 12.O-O Be7 13.Be3 O-O 14.Qe2 Nd4 15.Bxd4 Rxd4
16.f4 g6 17.Nd1 Rfd8 18.Qf3 Ne8 19.Nf2 Bf6 20.b3 R4d6 21.Rae1 Bd4 22.Kg2 f5
23.Nh3 Qc6 24.Qxc6 Rxc6 25.Ng5 Nc7 26.Re2 Bf6 27.Nf3 Na8 28.Re3 Nb6 29.Be2 Kf7
30.g4 fxg4 31.Ng5+ Bxg5 32.fxg5+ Ke7 33.Bxg4 Rd2+ 34.Rf2 Rxf2+ 35.Kxf2 Rd6
36.Rh3 Rd2+ 37.Ke1 Rxc2 38.Rxh7+ Kd6 39.Rh6 Rg2 40.h3  1-0

[Event "chess.com Speed 2020"]
[Site "chess.com INT"]
[Date "2020.12.12"]
[Round "3.11"]
[White "Nakamura,Hi"]
[Black "So,W"]
[Result "1/2-1/2"]
[WhiteElo "2736"]
[BlackElo "2770"]

1.e4 e5 2.Bc4 Nf6 3.d3 c6 4.Nf3 Be7 5.Bb3 O-O 6.Nbd2 d6 7.Nf1 Nbd7 8.c3 d5
9.Bc2 dxe4 10.dxe4 Nc5 11.Qxd8 Rxd8 12.Ng3 Re8 13.O-O Bf8 14.b4 Ncd7 15.Bb3 g6
16.Be3 Ng4 17.Bd2 a5 18.a3 b5 19.Rfd1 h6 20.a4 axb4 21.cxb4 bxa4 22.Bxa4 Bb7
23.Bxh6 Nxh6 24.Rxd7 Reb8 25.Nxe5 Bg7 26.f4 Ng4 27.Ra2 Bxe5 28.fxe5 Nxe5
29.Rd1 Kg7 30.Bb3 Rxa2 31.Bxa2 Ba6 32.Rd4 Nd3 33.Rd7 Ne5 34.Rd4 Nd3 35.Rd7 Ne5
36.Rd4  1/2-1/2

[Event "chess.com Speed 2020"]
[Site "chess.com INT"]
[Date "2020.12.12"]
[Round "3.12"]
[White "So,W"]
[Black "Nakamura,Hi"]
[Result "1/2-1/2"]
[WhiteElo "2770"]
[BlackElo "2736"]

1.e4 e5 2.Nf3 Nc6 3.Bb5 Nf6 4.d3 Bc5 5.O-O Nd4 6.Nxd4 Bxd4 7.c3 Bb6 8.Na3 c6
9.Ba4 d6 10.Bb3 h6 11.Nc4 Bc7 12.Qe2 O-O 13.f4 exf4 14.Bxf4 d5 15.Bxc7 Qxc7
16.Ne3 dxe4 17.d4 Qe7 18.Rf4 a5 19.a4 c5 20.Raf1 cxd4 21.cxd4 Ra6 22.Nd5 Nxd5
23.Bxd5 Be6 24.Rxe4 Qd7 25.Bxe6 Rxe6 26.Rxe6 fxe6 27.Rxf8+ Kxf8 28.Qc4 b6
29.b3 Qd6 30.Qc8+ Kf7 31.Qb7+ Kf8 32.Qc8+ Kf7 33.Qb7+ Kf8 34.Qf3+ Kg8 35.Qa8+ Kf7
36.Qb7+  1/2-1/2

[Event "chess.com Speed 2020"]
[Site "chess.com INT"]
[Date "2020.12.12"]
[Round "3.13"]
[White "Nakamura,Hi"]
[Black "So,W"]
[Result "0-1"]
[WhiteElo "2736"]
[BlackElo "2770"]

1.e4 e5 2.Nf3 Nc6 3.Bb5 Nf6 4.d3 Bc5 5.O-O Nd4 6.Nxd4 Bxd4 7.c3 Bb6 8.Na3 c6
9.Ba4 d6 10.Bb3 a5 11.Nc4 Bc7 12.Ne3 O-O 13.Qf3 a4 14.Bc2 d5 15.Nf5 Bxf5
16.Qxf5 Qd7 17.Qf3 Qg4 18.Qe3 Rfd8 19.h3 Qe6 20.Qg3 Rd7 21.Re1 b5 22.Bg5 h6
23.Be3 d4 24.Bd2 Kh8 25.a3 Ba5 26.Red1 Bb6 27.Qf3 Rd6 28.Qe2 dxc3 29.Bxc3 Rad8
30.Kh1 Bd4 31.Rf1 Nd7 32.f4 exf4 33.Rxf4 Ne5 34.Rd1 f6 35.Bb1 c5 36.Rc1 Bxc3
37.Rxc3 c4 38.dxc4 Rd2 39.Qh5 Rd1+ 40.Kh2 Rxb1 41.cxb5 Rxb2  0-1

[Event "chess.com Speed 2020"]
[Site "chess.com INT"]
[Date "2020.12.12"]
[Round "3.14"]
[White "So,W"]
[Black "Nakamura,Hi"]
[Result "1-0"]
[WhiteElo "2770"]
[BlackElo "2736"]

1.e4 c5 2.Nf3 d6 3.d4 cxd4 4.Nxd4 Nf6 5.Nc3 a6 6.Rg1 e5 7.Nb3 Be6 8.g4 Nc6
9.g5 Nd7 10.h4 Rc8 11.h5 Be7 12.Be3 Na5 13.g6 fxg6 14.hxg6 h6 15.Nd5 Nxb3
16.axb3 Nf6 17.Bc4 Nxd5 18.Bxd5 Qd7 19.c3 O-O 20.Qg4 Rf6 21.O-O-O Rd8 22.Qh5 Bxd5
23.Rxd5 Rdf8 24.Bxh6 gxh6 25.Qxh6 Bd8 26.Rd3 Qg7 27.Qh3 Bb6 28.Rg2 d5 29.exd5 e4
30.Rdg3 Re8 31.Kb1 Bxf2 32.Qh7+ Kf8 33.Rh3 Qg8 34.Qxb7 Qxg6  1-0

[Event "chess.com Speed 2020"]
[Site "chess.com INT"]
[Date "2020.12.12"]
[Round "3.24"]
[White "Nakamura,Hi"]
[Black "So,W"]
[Result "1/2-1/2"]
[WhiteElo "2736"]
[BlackElo "2770"]

1.e4 e5 2.Nf3 Nc6 3.Bb5 Nf6 4.d3 Bc5 5.c3 O-O 6.Nbd2 d6 7.Nf1 Ne7 8.Ng3 Ng6
9.h3 c6 10.Ba4 d5 11.O-O dxe4 12.dxe4 h6 13.Bb3 a5 14.a4 Qe7 15.Nf5 Qc7 16.Re1 Re8
17.Ng3 Nf4 18.Be3 Qb6 19.Bxc5 Qxc5 20.Qd2 Be6 21.Bxe6 Nxe6 22.Rad1 Rad8 23.Qc2 b5
24.Nf5 b4 25.Nd2 bxc3 26.bxc3 Nd4 27.Nxd4 exd4 28.c4 Qb4 29.e5 d3 30.Qb1 Nd7
31.Qxd3 Nxe5 32.Qc2 Rxd2 33.Qxd2 Qxd2 34.Rxd2 Nf3+ 35.gxf3 Rxe1+ 36.Kg2 Ra1
37.Rd6 Rxa4 38.Rxc6 Rb4 39.c5 a4 40.Rc8+ Kh7 41.c6 a3 42.Ra8 Rc4 43.c7 Rxc7
44.Rxa3 Rc6 45.Re3 Rg6+ 46.Kf1 Rf6 47.Kg2 Rg6+ 48.Kh2 Rf6 49.Ra3 h5 50.h4 g6
51.Kg3 Rf5 52.Rb3 Kg7 53.Ra3 Rf6 54.Ra4 Rf5 55.Rb4 Rf6 56.Rc4 Rf5 57.Rd4 Rf6
58.Re4 Rf5 59.Ra4 Kf6 60.Ra6+ Kg7 61.f4 Rf6 62.Ra5 Rf5 63.Ra3 Rf6 64.Rb3 Re6
65.Rf3 Re1 66.f5 Rg1+ 67.Kh3 g5 68.hxg5 Rxg5 69.Ra3 Rxf5 70.f3 Kg6 71.Kg3 Kg5
72.Ra4 f6 73.Ra8 h4+ 74.Kg2 Rd5 75.Rg8+ Kf5 76.Rg4 Rd2+ 77.Kh3 Rf2 78.Rxh4 Rxf3+
79.Kg2 Rf4 80.Rh3 Rg4+ 81.Kf2 Rf4+ 82.Kg2 Rg4+ 83.Kf3 Rf4+ 84.Ke2 Re4+ 85.Kf2 Rf4+
86.Kg2  1/2-1/2

[Event "chess.com Speed 2020"]
[Site "chess.com INT"]
[Date "2020.12.12"]
[Round "3.16"]
[White "So,W"]
[Black "Nakamura,Hi"]
[Result "1/2-1/2"]
[WhiteElo "2770"]
[BlackElo "2736"]

1.e4 e5 2.Nf3 Nc6 3.Bb5 d6 4.d4 Bd7 5.O-O Nf6 6.Nc3 Be7 7.Bxc6 Bxc6 8.Qd3 Nd7
9.Be3 b6 10.Rad1 Qc8 11.Qc4 Bb7 12.dxe5 Ba6 13.Nb5 c6 14.Nc7+ Qxc7 15.Qxa6 dxe5
16.Rd3 O-O 17.Rfd1 Rfd8 18.Qc4 Nf8 19.Qc3 Ng6 20.g3 Rxd3 21.cxd3 Qd7 22.Kg2 c5
23.Rd2 f6 24.a3 Qb5 25.Qc4+ Qxc4 26.dxc4 Kf7 27.Ng1 Rd8 28.Ne2 Rxd2 29.Bxd2 Ke6
30.Nc3 Nh8 31.Nb5 Nf7 32.Kf3 Nd6 33.Nxd6 Bxd6 34.g4 g5 35.h3 Kd7 36.b3 Kc6
37.a4 a5  1/2-1/2

[Event "chess.com Speed 2020"]
[Site "chess.com INT"]
[Date "2020.12.12"]
[Round "3.17"]
[White "Nakamura,Hi"]
[Black "So,W"]
[Result "1-0"]
[WhiteElo "2736"]
[BlackElo "2770"]

1.e4 e5 2.Nf3 Nc6 3.Bb5 Nf6 4.d3 Bc5 5.c3 d5 6.Nbd2 dxe4 7.dxe4 O-O 8.O-O a5
9.a3 Qe7 10.Rb1 Rd8 11.Qc2 h6 12.b4 Bd6 13.Re1 Be6 14.Nb3 axb4 15.Bxc6 bxc6
16.cxb4 Ra6 17.Na5 Bd7 18.Bd2 Rda8 19.Rec1 Qe6 20.Be3 Be8 21.Nd2 Nd7 22.Ndb3 h5
23.Qe2 f6 24.Rc3 h4 25.h3 Bg6 26.f3 f5 27.exf5 Bxf5 28.Rbc1 Nf6 29.Bg5 Nd5
30.Rxc6 Rxc6 31.Rxc6 Qg6 32.Qd2 Be6 33.Nc5 Qb1+ 34.Qc1 Qxc1+ 35.Bxc1 Bf7
36.Ne4 Bxb4 37.axb4 Nxb4 38.Rxc7 Rxa5 39.Ng5 Be8 40.Be3 Ra8 41.Bf2 Nd5 42.Rc5 Nf4
43.Rxe5 Ng6 44.Re4 Bc6 45.Rc4 Bb5 46.Rb4 Bd7 47.Bxh4  1-0

[Event "chess.com Speed 2020"]
[Site "chess.com INT"]
[Date "2020.12.12"]
[Round "3.18"]
[White "So,W"]
[Black "Nakamura,Hi"]
[Result "0-1"]
[WhiteElo "2770"]
[BlackElo "2736"]

1.e4 e5 2.Nf3 Nc6 3.Bb5 Nf6 4.d3 Bc5 5.O-O Nd4 6.Nxd4 Bxd4 7.c3 Bb6 8.Na3 c6
9.Ba4 d6 10.Bb3 a5 11.Nc4 Bc7 12.a4 Be6 13.Bg5 h6 14.Bh4 g5 15.Bg3 h5 16.f3 h4
17.Be1 g4 18.Bd2 d5 19.exd5 cxd5 20.Ne3 g3 21.h3 Nh5 22.Ng4 f5 23.Nxe5 Bxe5
24.Re1 Qd6 25.Qe2 Bf4 26.Qxe6+ Qxe6 27.Rxe6+ Kd7 28.Bxf4 Nxf4 29.Re5 Rhf8
30.d4 Rae8 31.Rd1 Rxe5 32.dxe5 Ke6 33.Kf1 Kxe5 34.Re1+ Kf6 35.Bc2 d4 36.cxd4 Rd8
37.Re5 Rxd4 38.Re8 Rd2  0-1

[Event "chess.com Speed 2020"]
[Site "chess.com INT"]
[Date "2020.12.12"]
[Round "3.19"]
[White "Nakamura,Hi"]
[Black "So,W"]
[Result "1/2-1/2"]
[WhiteElo "2736"]
[BlackElo "2770"]

1.e4 e5 2.Nf3 Nc6 3.Bb5 Nf6 4.d3 Bc5 5.c3 O-O 6.Qe2 d6 7.h3 a6 8.Ba4 b5 9.Bb3 Ne7
10.Nh4 Kh8 11.Be3 Bxe3 12.Qxe3 Ng6 13.Nxg6+ fxg6 14.Nd2 Qe7 15.Nf1 Nh5 16.g3 Be6
17.Bd1 Rf7 18.Nd2 Raf8 19.Rh2 Qd7 20.Nf3 h6 21.d4 Bxh3 22.dxe5 Kh7 23.exd6 cxd6
24.Nh4 Nf6 25.f3 g5 26.Ng2 Nh5 27.g4 Bxg2 28.Rxg2 Nf4 29.Rd2 Ng6 30.Be2 Qe6
31.Qb6 Rxf3 32.Bxf3 Rxf3 33.O-O-O Qxa2 34.Qxd6 Qa1+ 35.Kc2 Qa4+ 36.Kc1 Qa1+
37.Kc2 Qa4+ 38.Kc1 Qa1+  1/2-1/2

[Event "chess.com Speed 2020"]
[Site "chess.com INT"]
[Date "2020.12.12"]
[Round "3.21"]
[White "So,W"]
[Black "Nakamura,Hi"]
[Result "1-0"]
[WhiteElo "2770"]
[BlackElo "2736"]

1.e4 e5 2.Nf3 Nc6 3.Bb5 Nf6 4.d3 Bc5 5.c3 d5 6.exd5 Qxd5 7.Bc4 Qd6 8.b4 Bb6
9.a4 O-O 10.Nbd2 Bf5 11.Ba3 e4 12.dxe4 Nxe4 13.Nxe4 Qxd1+ 14.Rxd1 Bxe4 15.a5 Rfe8
16.O-O Bxf3 17.gxf3 Ne5 18.Be2 Ng6 19.Bd3 Nh4 20.Be4 c6 21.axb6 f5 22.Bd3 axb6
23.Bc1 b5 24.f4 Ra2 25.c4 Re6 26.cxb5 cxb5 27.Bxb5 Rc2 28.Ba4 Rc3 29.Rd8+ Kf7
30.Rd7+ Kg8 31.Bb2 Rg6+ 32.Kh1 Rh3 33.Rd8+ Kf7 34.Be8+ Ke7 35.Bxg6 Kxd8 36.Bxh7 Ke7
37.Bg8 Kf8 38.Bd5 Rd3 39.Bxb7 Kf7 40.Be5 Rd2 41.b5 Ng6 42.b6 Nxe5 43.fxe5 Rb2
44.Bd5+ Kg6 45.b7 f4 46.Kg2 Kf5 47.e6 Kf6 48.Re1 Ke7 49.Be4 g5 50.Rb1 Re2
51.b8=Q Rxe4 52.Rb7+ Kxe6 53.Qe8+ Kf5 54.Rf7+ Kg4 55.f3+  1-0

[Event "chess.com Speed 2020"]
[Site "chess.com INT"]
[Date "2020.12.12"]
[Round "3.22"]
[White "Nakamura,Hi"]
[Black "So,W"]
[Result "0-1"]
[WhiteElo "2736"]
[BlackElo "2770"]

1.e4 e5 2.Nf3 Nc6 3.Bb5 Nf6 4.d3 Bc5 5.c3 O-O 6.Nbd2 d6 7.O-O Ne7 8.Re1 Ng6
9.d4 Bb6 10.h3 c6 11.Bd3 Re8 12.Nc4 Bc7 13.dxe5 dxe5 14.a4 h6 15.Qc2 Nh5
16.Ne3 Nhf4 17.Bf1 Qf6 18.Nf5 Ne7 19.Bxf4 exf4 20.Nxe7+ Rxe7 21.Rad1 Qg6
22.Kh1 Bd7 23.Qd2 Rae8 24.e5 Bb6 25.a5 Bxa5 26.Qxf4 Bb6 27.Bd3 Qh5 28.Re2 Bc7
29.Rde1 f6 30.Qe4 f5 31.Qb4 Bc8 32.e6 Bb6 33.Bc4 g5 34.Bb3 g4 35.Nh2 gxh3
36.g3 Kg7 37.Qf4 Qg5 38.Qe5+ Qf6 39.Nf3 Qxe5 40.Rxe5 Bxf2 41.R1e2 Bxg3 42.Rxf5 Bxe6
43.Rf4 Bxf4  0-1

[Event "chess.com Speed 2020"]
[Site "chess.com INT"]
[Date "2020.12.12"]
[Round "3.23"]
[White "So,W"]
[Black "Nakamura,Hi"]
[Result "0-1"]
[WhiteElo "2770"]
[BlackElo "2736"]

1.e4 c5 2.Nf3 d6 3.d4 cxd4 4.Nxd4 Nf6 5.Nc3 a6 6.Be2 e5 7.Nf3 h6 8.Nd2 Be6
9.Nc4 b5 10.Ne3 Nbd7 11.O-O Be7 12.a4 b4 13.Ncd5 a5 14.Bf3 O-O 15.Re1 Rc8
16.Re2 Rc5 17.Nxe7+ Qxe7 18.Bd2 Rfc8 19.c3 b3 20.h3 R5c7 21.c4 Bxc4 22.Re1 Be6
23.Bxa5 Ra7 24.Bc3 Nc5 25.Bb4 Ncxe4 26.a5 Rb8 27.Ba3 Qc7 28.Bxe4 Nxe4 29.Nd5 Qc2
30.Qxc2 bxc2 31.Nb4 Rc8 32.Rac1 Nf6 33.Rxc2 Rxc2 34.Nxc2 Rxa5 35.Bxd6 Nd7
36.Ne3 Ra6 37.Rd1 f6 38.f4 exf4 39.Bxf4 Kf7 40.h4 Ra4 41.g3 Rb4 42.Rd2 g5
43.hxg5 hxg5 44.Bd6 Rb3 45.Kf2 f5 46.Nd1 Nf6 47.Nc3 Ng4+ 48.Kg2 Rb6 49.Bc5 Rb8
50.b4 Rh8 51.Bg1 Bc8 52.b5 Bb7+ 53.Kf1 Bf3 54.Rd3 Bh1 55.b6 Ra8 56.b7 Rb8
57.Rd7+ Ke6 58.Ba7 Kxd7 59.Bxb8 Bxb7 60.Nd1 Ba6+ 61.Kg1 Ke6 62.Nf2 Ne3 63.Nh3 g4
64.Nf4+ Kd7 65.Ba7 Nc4 66.Kf2 Nd6 67.Bc5 Ne4+ 68.Ke3 Nxc5 69.Kd4 Ne4  0-1

[Event "chess.com Speed 2020"]
[Site "chess.com INT"]
[Date "2020.12.12"]
[Round "3.27"]
[White "So,W"]
[Black "Nakamura,Hi"]
[Result "1-0"]
[WhiteElo "2770"]
[BlackElo "2736"]

1.e4 e5 2.Nf3 Nc6 3.Bb5 Nf6 4.d3 Bc5 5.c3 d5 6.exd5 Qxd5 7.Bc4 Qd6 8.Qe2 O-O
9.Bg5 Bf5 10.Bxf6 Qxf6 11.Nbd2 Bb6 12.Ne4 Qe7 13.Ng3 Bg6 14.h4 h6 15.h5 Bh7
16.Nh4 Rad8 17.Ng6 Qg5 18.Ne4 Qxg2 19.O-O-O Bxg6 20.hxg6 Qxg6 21.Rdg1 Qf5
22.Rxh6 Qf4+ 23.Qd2 Qxe4 24.Rhg6 Qh4 25.Rxg7+ Kh8 26.R7g4 Qh7 27.Qg5 f6 28.Qh4  1-0

[Event "chess.com Speed 2020"]
[Site "chess.com INT"]
[Date "2020.12.12"]
[Round "3.26"]
[White "Nakamura,Hi"]
[Black "So,W"]
[Result "1/2-1/2"]
[WhiteElo "2736"]
[BlackElo "2770"]

1.e4 e5 2.Nf3 Nc6 3.Bb5 Nf6 4.d3 Bc5 5.Nbd2 O-O 6.O-O Nd4 7.Nxd4 Bxd4 8.Nf3 Bb6
9.Bg5 h6 10.Bh4 c6 11.Ba4 d6 12.Nd2 g5 13.Bg3 Bg4 14.Qe1 Be6 15.Qe2 Bg4 16.Qe1 Nh5
17.Nc4 Nxg3 18.hxg3 Bc7 19.Ne3 Bd7 20.g4 a5 21.c3 b5 22.Bd1 a4 23.g3 Bb6
24.Kg2 Kg7 25.Rh1 Rh8 26.Nf5+ Bxf5 27.gxf5 d5 28.Bf3 Qd6 29.Qe2 a3 30.b3 Rad8
31.Rad1 Rhe8 32.Rh5 Qe7 33.Rhh1 Rd6 34.Rhe1 Qd8 35.Qc2 Qf6 36.b4 Red8 37.Qb3 g4
38.Bxg4 dxe4 39.dxe4 Qg5 40.Bf3 h5 41.Qxa3 h4 42.Qc1 Qxc1 43.Rxc1 Rd2 44.Re2 Rxe2
45.Bxe2 Rd2 46.Kf3 hxg3 47.fxg3 Rxa2 48.c4 Ra3+ 49.Kg2 Ra2 50.Kf1 Be3 51.Rd1 bxc4
52.Bxc4 Rf2+ 53.Ke1 f6 54.Rd3 Rc2 55.Be6 Bd4 56.Kd1 Rb2 57.Rb3 Rxb3 58.Bxb3 Bc3
59.Ba4 Bxb4 60.Bxc6 Kh6 61.Ke2 Kg5 62.Kf3 Be1 63.Bd5 Bc3 64.Bc4 Bd4 65.Bd3 Bc5
66.Bc2 Bd4 67.Bd1 Bc5 68.Be2 Bd4 69.Bf1 Bc5 70.Bc4 Bb6 71.Ba6 Ba7 72.Bb7 Bb6
73.Ba8 Ba7 74.Bc6 Bb6 75.Bb5 Ba7 76.Ba4 Bb6 77.Bb3 Ba7 78.Ba2 Bb6 79.Bb1 Ba7
80.Bc2 Bb6 81.Bd1 Ba7 82.Kg2 Bb6 83.Kh2 Ba7 84.Kh3 Bb6 85.Kh2 Ba7 86.Kg2 Bb6
87.Bb3 Ba7 88.Ba4 Bb6 89.Bb5 Ba7 90.Ba6 Bb6 91.Bb7 Bd8 92.Ba8 Be7 93.Kf3 Bf8
94.Bc6 Bh6 95.Bd5 Bg7 96.Bg8 Bh6 97.Bh7 Bg7 98.Bg6 Bh6 99.Bf7 Bg7 100.Bd5 Bh6
101.Bg8 Bg7 102.Bh7 Bh6 103.Bg6 Bg7 104.g4 Bh6 105.Bh5 Bg7 106.Be8 Bh6 107.Bd7 Bg7
108.Bc6 Bh6 109.Bb5 Bf8 110.Ba4 Bh6 111.Bb3 Bg7 112.Bc4 Bh6 113.Bd3 Bg7 114.Bc2 Bh6
115.Bd1 Bg7 116.Be2 Bh6 117.Bf1 Kh4 118.Bg2 Bg5 119.Bf1 Bh6 120.Bc4 Bg5 121.Bb5 Bh6
122.Ba6 Bg5 123.Bb7 Bh6 124.Ba8 Bg5 125.Bb7 Bf4 126.Bc8 Bg5 127.Bd7 Bf4 128.Bc6 Bg5
129.Bd5 Bf4 130.Bc4 Bg5 131.Bb3 Bf4 132.Ba4 Bg5 133.Bb5 Bf4 134.Ba6 Bg5 135.Be2 Bf4
136.Bd1 Bg5 137.Bc2 Bf4 138.Bb1 Bg5 139.Ba2 Bf4 140.Bb3 Bg5 141.Ba4 Bf4 142.Be8 Bg5
143.Bh5 Bf4 144.Bg6 Bg5 145.Bh7 Bf4 146.Bg8 Bg5 147.Bf7 Bf4 148.g5 Bxg5 149.Be6 Bf4
150.Bd5 Bg5 151.Bc4 Bf4 152.Bb3 Bg5 153.Ba2 Bf4 154.Bb1 Bg5 155.Bc2 Bf4 156.Bd1 Bg5
157.Be2 Bf4 158.Bb5 Bg5 159.Ba6 Bf4 160.Bb7 Bg5 161.Ba8 Bf4 162.Ke2 Bg5 163.Kd3 Bf4
164.Kc4 Bg5 165.Kb5 Bf4 166.Ka6 Bg5 167.Kb7 Bf4 168.Kc8 Bg5 169.Kd7 Bf4 170.Ke6 Kg5
171.Kf7 Be3 172.Bd5 Bd4 173.Kf8 Be3 174.Kg8 Bd4 175.Kh7 Be3 176.Kh8 Bd4 177.Kg8 Be3
178.Kf8 Bf4 179.Ke8 Bh2 180.Kd7 Bg3 181.Kc6 Bf4 182.Kb5 Bg3 183.Ka4 Bf4 184.Kb3 Bg3
185.Kc2 Bf4 186.Kb1 Kh4 187.Ka1 Bg5 188.Ka2 Kg4 189.Kb2 Kf4 190.Ka3 Kg4 191.Kb3 Kf4
192.Kc3 Kg4 193.Kc4 Kf4 194.Kc5 Kg4 195.Kd6 Kf4 196.Ke7 Kg4 197.Kd7 Kf4 198.Kd6 Kg3  1/2-1/2

[Event "chess.com Speed 2020"]
[Site "chess.com INT"]
[Date "2020.12.13"]
[Round "4.13"]
[White "Nakamura,Hi"]
[Black "Vachier Lagrave,M"]
[Result "1/2-1/2"]
[WhiteElo "2736"]
[BlackElo "2784"]

1.e4 c5 2.Nf3 d6 3.Bc4 Nf6 4.d3 a6 5.c3 b5 6.Bb3 e6 7.Nbd2 Bb7 8.O-O Be7
9.Re1 O-O 10.Bc2 Nbd7 11.d4 Qc7 12.e5 Nd5 13.Ne4 cxd4 14.exd6 Bxd6 15.Nxd6 Qxd6
16.Qxd4 Rfc8 17.Bg5 h6 18.Bh4 Qf4 19.Qd3 N7f6 20.Bg3 Qc4 21.Qd1 Rd8 22.Ne5 Qc5
23.Qe2 Qb6 24.Rad1 Rac8 25.h3 Ne7 26.Kh2 Nf5 27.Bf4 Rxd1 28.Rxd1 Nd5 29.Bc1 Qc7
30.Kg1 Rd8 31.Nf3 Nde7 32.Rxd8+ Qxd8 33.Qd1 Qd5 34.a3 Qxd1+ 35.Bxd1 Nd6 36.Ne5 Bd5
37.Nd3 Nc6 38.a4 Nb7 39.Nf4 Be4 40.f3 Bb1 41.axb5 axb5 42.Be2 Nd6 43.Nd3 Ba2
44.Bf4 Nb7 45.Ne5 Nxe5 46.Bxe5 Bc4 47.Bd1 f6 48.Bd4 e5 49.Bb6 Kf7 50.Kf2 Ke6
51.Ke3 Nd6 52.Bc5 g5 53.b3 Bd5 54.g3 Nf5+ 55.Kf2 h5 56.g4 hxg4 57.hxg4 Nh4
58.Be3 Ng6 59.Be2 Bxb3 60.Bxb5 Nf4 61.Bb6 Bd5 62.Ba6 Bc6 63.Bc4+ Bd5 64.Ba6 Bc6
65.Bc4+ Bd5 66.Ba6  1/2-1/2

[Event "chess.com Speed 2020"]
[Site "chess.com INT"]
[Date "2020.12.13"]
[Round "4.15"]
[White "Nakamura,Hi"]
[Black "Vachier Lagrave,M"]
[Result "0-1"]
[WhiteElo "2736"]
[BlackElo "2784"]

1.e4 c5 2.Nf3 d6 3.Bc4 Nf6 4.d3 a6 5.c3 b5 6.Bb3 e6 7.Nbd2 Bb7 8.O-O Nbd7
9.Re1 Be7 10.Bc2 Qc7 11.d4 Rc8 12.Bb1 O-O 13.e5 Nd5 14.Ne4 dxe5 15.dxe5 Rfd8
16.Ng3 Nf8 17.Qe2 c4 18.Nh5 Ng6 19.a3 Nb6 20.Nd4 Nd7 21.f4 Nc5 22.f5 Rxd4
23.cxd4 Nb3 24.fxg6 hxg6 25.Ra2 Nxd4 26.Qg4 gxh5 27.Qxh5 Nf5 28.Bxf5 exf5
29.Qxf5 Qc6 30.Qg4 Rd8 31.Be3 Bc5 32.e6 Rd2 33.exf7+ Kf8 34.b4 Bxe3+ 35.Rxe3 Rxa2
36.Re8+ Kxf7 37.Qh5+ g6  0-1

[Event "chess.com Speed 2020"]
[Site "chess.com INT"]
[Date "2020.12.13"]
[Round "4.311"]
[White "Nakamura,Hi"]
[Black "Vachier Lagrave,M"]
[Result "1-0"]
[WhiteElo "2736"]
[BlackElo "2784"]

1.d4 Nf6 2.Nf3 b6 3.c4 Bb7 4.Nc3 e6 5.Qc2 d5 6.e3 Be7 7.cxd5 Nxd5 8.a3 Nd7
9.Nxd5 Bxd5 10.Bb5 O-O 11.O-O c5 12.e4 Bb7 13.Rd1 a6 14.Bxd7 Qxd7 15.dxc5 Qc7
16.Be3 bxc5 17.Rac1 Rac8 18.Nd2 Rfd8 19.Nc4 h6 20.f3 Bf6 21.Rxd8+ Rxd8 22.Rd1 Bd4
23.Bxd4 cxd4 24.b3 h5 25.a4 h4 26.Qf2 h3 27.Rxd4 hxg2 28.Kxg2 Rb8 29.Qg3 Qc8
30.a5 Bc6 31.Nb6 Qf8 32.Qc7 Bb5 33.Qd6 Qe8 34.e5 g6 35.h4 Kg7 36.Qc7 Qh8
37.Qe7 Qh6 38.Qf6+ Kg8 39.Rf4 Rf8 40.Kg3 Qh5 41.Rd4 Bc6 42.Nc4 Rb8 43.Rd8+ Rxd8
44.Qxd8+ Kg7 45.Qf6+ Kg8 46.Nd6 Qh7 47.Qd8+ Kg7 48.Qf6+ Kg8 49.Nc8 Bb5 50.b4 Qh6
51.Qd8+ Kg7 52.Qf6+ Kg8 53.Nd6 Qe3 54.Qxf7+ Kh8 55.Qf8+ Kh7 56.Qe7+ Kh8 57.Qf8+ Kh7
58.Qf7+ Kh8 59.Qf6+ Kh7 60.Qe7+ Kh8 61.Qd8+ Kh7 62.Qc7+ Kh8 63.Nf7+ Kg8 64.Ng5 Qg1+
65.Kf4 Qh2+ 66.Ke3 Qe2+ 67.Kd4 Qf2+ 68.Kc3 Qe1+ 69.Kc2 Qe2+ 70.Kb3 Qd1+ 71.Kb2 Qd2+
72.Kb3 Qd1+ 73.Kb2 Qd2+ 74.Qc2 Qxb4+ 75.Kc1 Qe1+ 76.Kb2 Qb4+ 77.Qb3 Qd2+
78.Ka3 Qxa5+ 79.Kb2 Qd2+ 80.Qc2 Qb4+ 81.Kc1 Qe1+ 82.Kb2 Qxe5+ 83.Kb3 Qd5+
84.Kb4 Qd6+ 85.Ka5 Qd8+ 86.Kb4 Qe8 87.Qc7 Qf8+ 88.Ka5 Qa3+ 89.Kb6 Be8 90.Qh7+ Kf8
91.Nxe6+  1-0

[Event "chess.com Speed 2020"]
[Site "chess.com INT"]
[Date "2020.12.13"]
[Round "4.39"]
[White "Nakamura,Hi"]
[Black "Vachier Lagrave,M"]
[Result "1/2-1/2"]
[WhiteElo "2736"]
[BlackElo "2784"]

1.Nf3 c5 2.b3 Nc6 3.Bb2 d6 4.d4 cxd4 5.Nxd4 Nf6 6.e3 e5 7.Nxc6 bxc6 8.c4 Be7
9.Be2 O-O 10.O-O a5 11.Nc3 Be6 12.Qc2 Nd7 13.Na4 Qc7 14.Rfd1 f5 15.Rac1 c5
16.Nc3 Nf6 17.Bf3 e4 18.Be2 Qc6 19.Nb5 Rfd8 20.Rd2 a4 21.Rcd1 axb3 22.axb3 Ne8
23.Qb1 Rd7 24.f3 Rad8 25.fxe4 fxe4 26.Kh1 Bg5 27.Bf1 Bg4 28.Re1 Bf6 29.Be2 Be6
30.Nc3 Rb8 31.Qc2 Be5 32.Nxe4 Bxb2 33.Bf3 Bf5 34.Nf6+ Nxf6 35.Qxf5 Qa6 36.Rxb2 Re7
37.Qd3 Kh8 38.Rd2 Rb6 39.e4 h6 40.e5 Rxe5 41.Rxe5 dxe5 42.Qd8+ Kh7 43.Qd3+ Kh8
44.Qd8+ Kh7 45.Qd3+ Kh8  1/2-1/2

[Event "chess.com Speed 2020"]
[Site "chess.com INT"]
[Date "2020.12.13"]
[Round "4.29"]
[White "Nakamura,Hi"]
[Black "Vachier Lagrave,M"]
[Result "0-1"]
[WhiteElo "2736"]
[BlackElo "2784"]

1.e4 c5 2.Nf3 d6 3.Bc4 Nf6 4.d3 a6 5.c3 b5 6.Bb3 Bb7 7.Nbd2 Nbd7 8.O-O g6
9.Re1 Bg7 10.Nf1 O-O 11.Ng3 Rc8 12.d4 cxd4 13.cxd4 e5 14.d5 Nc5 15.Bc2 b4
16.a3 a5 17.axb4 axb4 18.Be3 Qb6 19.Nd2 Qb5 20.b3 Ra8 21.Nc4 Rxa1 22.Qxa1 Ra8
23.Qb2 Ra6 24.Ra1 Nfd7 25.Rxa6 Qxa6 26.Bd2 Bf8 27.Bxb4 Qb5 28.Bd2 Ba6 29.h3 h5
30.Qc3 h4 31.Nf1 Nf6 32.f3 Nh5 33.Be3 Nf4 34.Kh2 Ne2 35.Qb2 Nd4 36.Nfd2 Qb4
37.Bd1 Bxc4 38.Nxc4 Qe1 39.Qd2 Qg3+ 40.Kg1 Ncxb3 41.Qf2 Nc5 42.Qxg3 hxg3
43.Bg5 f5 44.exf5 gxf5 45.Be3 f4 46.Bxd4 exd4 47.Nd2 d3 48.Ne4 Nd7 49.Kf1 Ne5
50.Ke1 Nc4 51.Ba4 Ne3 52.Kd2 Nxg2 53.Kxd3 Nh4 54.Ke2 Bg7  0-1

[Event "chess.com Speed 2020"]
[Site "chess.com INT"]
[Date "2020.12.13"]
[Round "4.38"]
[White "Vachier Lagrave,M"]
[Black "Nakamura,Hi"]
[Result "0-1"]
[WhiteElo "2784"]
[BlackElo "2736"]

1.d4 Nf6 2.c4 e6 3.Nf3 d5 4.e3 c5 5.Be2 Nc6 6.cxd5 Nxd5 7.O-O cxd4 8.Nxd4 Bd7
9.Bf3 Nxd4 10.Qxd4 Bc6 11.Rd1 Qb6 12.Qe5 Nf6 13.Bxc6+ Qxc6 14.Nc3 Be7 15.b3 Nd7
16.Rxd7 Bf6 17.Re7+ Kxe7 18.Ba3+ Ke8  0-1